=LDR 00000nam 2200000 4500 =001 INLIS000000000016940 =990 ##$$a 21400613/BPAP-NTB/20142014 =005 20230221111108 =990 ##$$a 93324/BPAP-NTB/2014 =035 ##$$a 0010-061300000016940 =990 ##$$a 93325/BPAP-NTB/2014 =008 230221################g##########0#ind## =990 ##$$a 94629/BPAP-NTB/2014 =041 ##$$a Ind =990 ##$$a 0001/BPAP-NTB/20142014 =082 ##$$a 658.8 =990 ##$$a 10407440 =090 ##$$a 658, Hit m =100 ##$$a Hitt, Michael A =245 1#$$a Manajemen strategis : $b Daya saing dan globalisasi /$c Michael A. Hitt, R. Duane Ireland =260 ##$$a Jakarta :$b Salemba Empat,$c 2002 =300 ##$$a ...jil, : $b ilus, ; $c 26 cm =650 #4$$a Manajemen =850 ##$$a NBPNMAT =020 ##$$a 979-691-094-2 =084 ##$$a 658.8 HIT m =250 ##$$a Buku 2 =700 #$$a R. Duane Ireland =990 ##$$a 93324/BPAP-NTB/2014 =990 ##$$a 93325/BPAP-NTB/2014 =990 ##$$a 94629/BPAP-NTB/2014 =990 ##$$a 21400613/BPAP-NTB/20142014 =990 ##$$a 0001/BPAP-NTB/20142014 =990 ##$$a 10407440 =990 ##$$a 10407440 =990 ##$$a 93324/BPAP-NTB/2014 =990 ##$$a 93325/BPAP-NTB/2014 =990 ##$$a 94629/BPAP-NTB/2014 =990 ##$$a 21400613/BPAP-NTB/20142014 =990 ##$$a 0001/BPAP-NTB/20142014